El debate sociológico-político sobre casi dos siglos de Estado Nacional en América Latina: un intento de reinterpretación /
Guardat en:
| Autor principal: | |
|---|---|
| Format: | Llibre |
| Idioma: | Spanish |
| Etiquetes: |
Afegir etiqueta
Sense etiquetes, Sigues el primer a etiquetar aquest registre!
|
MARC
| LEADER | 00000nam a22000007a 4500 | ||
|---|---|---|---|
| 003 | cru CIDCACS/IIS | ||
| 005 | 20230208062555.0 | ||
| 007 | ta | ||
| 008 | 230207s1988 sp |||p|r|||| 00| 0 spa d | ||
| 040 | |c cru CIDCACS/IIS | ||
| 100 | 1 | |a Fernandez Jilberto, A. E. |e Autor |9 10902 | |
| 245 | 1 | 3 | |a El debate sociológico-político sobre casi dos siglos de Estado Nacional en América Latina: |b un intento de reinterpretación / |c A. E. Fernandez Jilberto |
| 300 | |a páginas 41-75 | ||
| 773 | 0 | |0 43305 |9 5271 |a Centre d'Informació i Documentació Internacionals a Barcelona |d Barcelona, España: Centre d'Informació i Documentació Internacionals a Barcelona, 1982- |o 21180 |t Revista CIDOB D' Afers Internationals / |x 02121786 | |
| 942 | |2 ddc |c PP | ||
| 999 | |c 44715 |d 44715 | ||
